00429nam a2200169Ia 4500003000400000005001700004008004100021020001500062050003000077100001800107245004500125260003500170300003300205440000600238521000700244526000800251OSt20140312141203.0140130s9999 xx 000 0 und d a0439102723 aPS 3573.I5314b.W769 2000 aWing, Natasha cNatasha Wing.aThe night before Easter / bScholastic,c2000.aNew York : a25 p. :bcol. ill. ;c19 cm. v1 aG3 c550